| 000 | 00732cam a2200157 4500500 | ||
|---|---|---|---|
| 005 | 20260322001617.0 | ||
| 041 | _afre | ||
| 042 | _adc | ||
| 100 | 1 | 0 |
_aBaujard, Monique _eauthor |
| 245 | 0 | 0 | _aAgnès Demazières, Sans loi ni foi. Prêtres et violences sexuelles au cœur du système catholique. Payot, «Histoire», 2024, 240 páginas, 21,50 €. |
| 260 | _c2025. | ||
| 500 | _a92 | ||
| 520 | _aArtemisia, expuesta en el Museo Jacquemart-André, es un retrato de aquellas mujeres que se rebelan contra la violencia masculina, haciéndose eco de su propia historia. | ||
| 786 | 0 | _nÉtudes | Jui | 6 | 2025-05-21 | p. 143-143 | |
| 856 | 4 | 1 | _uhttps://shs.cairn.info/revista-etudes-2025-6-page-143?lang=es&redirect-ssocas=7080 |
| 999 |
_c1716278 _d1716278 |
||